| 000 | 00000nam 2200000zi 4500 |
| 001 | 9.931637 |
| 003 | CaOODSP |
| 005 | 20240717105525 |
| 006 | m o d f |
| 007 | cr cn||||||||| |
| 008 | 231219t20242024onc o f000 0 eng d |
| 020 | |a9780660693743 |
| 040 | |aCaOODSP|beng|erda|cCaOODSP |
| 043 | |an-cn--- |
| 086 | 1 |aIu71-4/47-2024E-PDF |
| 245 | 00|aIP roadmap : |byour path to getting a patent. |
| 250 | |a[2024 edition]. |
| 264 | 1|a[Ottawa] : |bInnovation, Science and Economic Development Canada, Canadian Intellectual Property Office = Innovation, sciences et développement économique Canada, Office de la propriété intellectuelle du Canada, |c[2024] |
| 264 | 4|c©2024 |
| 300 | |a1 online resource (1 unnumbered page) |
| 336 | |atext|btxt|2rdacontent |
| 337 | |acomputer|bc|2rdamedia |
| 338 | |aonline resource|bcr|2rdacarrier |
| 500 | |aIssued also in French under title: Feuille de route de la PI : la marche à suivre pour recevoir un brevet. |
| 500 | |aIncorrect catalogue number (Iu71-4/47-2020E-PDF) and ISBN (9780660351667) printed in this publication. |
| 650 | 0|aPatents|zCanada. |
| 650 | 0|aIntellectual property|zCanada. |
| 710 | 1 |aCanada. |bInnovation, Science and Economic Development Canada, |eissuing body. |
| 710 | 2 |aCanadian Intellectual Property Office, |eissuing body. |
| 775 | 08|tFeuille de route de la PI : |w(CaOODSP)9.931638 |
| 795 | |tIP roadmap : |b[2020 edition]|w(CaOODSP)9.888116 |
| 856 | 40|qPDF|s235 KB|uhttps://publications.gc.ca/collections/collection_2024/opic-cipo/Iu71-4-47-2024-eng.pdf |
| 856 | 4 |qHTML|sN/A|uhttps://ised-isde.canada.ca/site/canadian-intellectual-property-office/en/ip-roadmap-your-path-getting-patent-grant |